000 00694cam a2200217 4500
001 ABS61360
008 000000n1999 000 0 eng u
035 _a(Sirsi) u100568
100 _aGreen, S.
245 _aPlanning for the past
260 _c1999
490 _aLandscape Design
_v(284) October 1999, 22-23(2)
520 _aExamines the effect that PPG16: Archaeology and Planning has had on developers, landscape architects, archaeologists, and what this means for the future of the UK's historic remains.
590 _aABS
650 _aPLANNING AUTHORITIES
650 _aPPG16
650 _aARCHAEOLOGY
650 _aPLANNING POLICY
690 _aCONSERVATION
942 _n0
999 _c60162
_d60162